الدولة التسلطية فى المشرق العربى المعاصر : (Record no. 13881)
[ view plain ]
| 000 -LEADER | |
|---|---|
| fixed length control field | 00989nam a22001817a 4500 |
| 008 - FIXED-LENGTH DATA ELEMENTS--GENERAL INFORMATION | |
| fixed length control field | 100413t xxu||||| |||| 00| 0 eng d |
| 020 ## - INTERNATIONAL STANDARD BOOK NUMBER | |
| International Standard Book Number | 9953450455 |
| 082 ## - DEWEY DECIMAL CLASSIFICATION NUMBER | |
| Edition number | 22 |
| Classification number | 320.956 |
| Item number | ن ق ى |
| 100 ## - MAIN ENTRY--PERSONAL NAME | |
| 9 (RLIN) | 13479 |
| Personal name | النقيب , خلدون حسن |
| 245 ## - TITLE STATEMENT | |
| Title | الدولة التسلطية فى المشرق العربى المعاصر : |
| Remainder of title | دراسة بنائية مقارنة / |
| Statement of responsibility, etc | خلدون محمد حسن النقيب |
| 260 ## - PUBLICATION, DISTRIBUTION, ETC. (IMPRINT) | |
| Place of publication, distribution, etc | بيروت : |
| Name of publisher, distributor, etc | مركز دراسات الوحدة العربية ،2004. |
| Date of publication, distribution, etc | 2004. |
| 300 ## - PHYSICAL DESCRIPTION | |
| Extent | 371 ص؛ |
| Dimensions | 24 سم. |
| 504 ## - BIBLIOGRAPHY, ETC. NOTE | |
| Linkage | يحتوى على ببليوجرافية :ص373- 405 وكشاف |
| 651 ## - SUBJECT ADDED ENTRY--GEOGRAPHIC NAME | |
| 9 (RLIN) | 13680 |
| Geographic name | العالم العربي |
| General subdivision | الأحوال الاجتماعية |
| 651 ## - SUBJECT ADDED ENTRY--GEOGRAPHIC NAME | |
| 9 (RLIN) | 13700 |
| Geographic name | العالم العربي |
| General subdivision | الأحوال السياسية |
| 942 ## - ADDED ENTRY ELEMENTS (KOHA) | |
| Source of classification or shelving scheme | Dewey Decimal Classification |
| Item type | Book - Borrowing |
| Withdrawn status | Item status | Source of classification or shelving scheme | Damaged status | Not for loan | Vendor | Home library | Current library | Shelving location | Date acquired | Source of acquisition | Cost, normal purchase price | Serial Enumeration / chronology | Total Checkouts | Full call number | Barcode | Date last seen | Koha item type |
|---|---|---|---|---|---|---|---|---|---|---|---|---|---|---|---|---|---|
| Dewey Decimal Classification | مركز دراسات الوحدة العربية | Central Library | Central Library | First floor | 13/04/2010 | Purchase | 77.00 | 4 | 320.956 الن | 000020468 | 15/07/2025 | Book - Borrowing |